The seven habits of highly effective people : Restoring the character ethic
Guardado en:
| Autor principal: | |
|---|---|
| Formato: | Libro |
| Lenguaje: | Undetermined |
| Publicado: |
New York
A Fireside Book
1989
|
| Materias: | |
| Etiquetas: |
Agregar Etiqueta
Sin Etiquetas, Sea el primero en etiquetar este registro!
|
| Thư viện lưu trữ: | Trung tâm Học liệu Trường Đại học Cần Thơ |
|---|
| LEADER | 00576nam a2200205Ia 4500 | ||
|---|---|---|---|
| 001 | CTU_99517 | ||
| 008 | 210402s9999 xx 000 0 und d | ||
| 082 | |a 158 | ||
| 082 | |b C873 | ||
| 100 | |a Covey, Stephen R. | ||
| 245 | 4 | |a The seven habits of highly effective people : | |
| 245 | 0 | |b Restoring the character ethic | |
| 245 | 0 | |c Stephen R. Covey | |
| 260 | |a New York | ||
| 260 | |b A Fireside Book | ||
| 260 | |c 1989 | ||
| 650 | |a Success,Character | ||
| 650 | |x Psychological aspects | ||
| 904 | |i Tuyến | ||
| 980 | |a Trung tâm Học liệu Trường Đại học Cần Thơ | ||